Suomivisailu - Muistatko mitä tapahtui 1980-luvulla? - Statistics

Yleistilastot
  • Tätä visaa on pelattu 318 kertaa
  • Keskiarvotulos 6 / 13
Vastaustilastot
Hint Vastaus % Oikein
1986 Presidentti _____________ kuoli. Urho Kekkonen
97%
1982 ____________ valittiin presidentiksi. Mauno Koivisto
92%
1981 Suomessa otettiin muun Euroopan tyyliin käyttöön _____________, joka vastasi paremmin aktiivisia valveillaolotunteja. kesäaika
68%
Suosituin suomalainen yhtye Suomessa oli _____________. Dingo
65%
1983 _____________ aloitti uransa lapsitähtenä voittamalla Syksyn Sävelen kappaleella Minttu sekä Ville. Jonna Tervomaa
62%
... ja tietopeli _____________. Trivial Pursuit
50%
Suosituin suomalainen yhtye ulkomailla oli _____________. Hanoi Rocks
46%
1982 Suomen ensimmäinen ja toistaiseksi ainoa _____________ avattiin Helsinkiin. metro
44%
1984 Suomen ensimmäinen _____________ avattiin Tampereella. McDonald’s
31%
Kotona suosittua ajanvietettä olivat värikäs _____________ ... rubikin kuutio
11%
Ruokapöytään saatiin eksoottisia lisäyksiä, muun muassa _____________. kiivi
8%
1981 Televisiossa alettiin näyttää _____________. Kymmenen uutiset
6%
1985 Lappeenrannan humppafestivaalien tilalla alettiin järjestää _____________. Seinäjoen Tangomarkkinat
5%
Ehtoja vastaavia visoja ei löytynyt
Tulosjakauma
Jokaisen tuloksen saaneiden osuus
Persentiili vastausten määrän mukaan
Tuloshistoriasi
Et ole pelannut tätä visaa